00398nam a2200133Ia 450000500170000000800410001702000150005808200140007310000180008724500320010526000700013730000130020750000440022020250701021744.0240331s9999 xx 000 0 und d a9556020349 a1033bSUN aAriyarathne,S 0aManawasinghe geetha nibanda aColombobThe National Book Development Council Of Sri Lankac1991 a220 p ., aLyrics of Sri Chandraratna Manawasingha